000 00748cam a2200253 4500
001 E1342
008 090401t1992 xxu||||| |||| 00| 0 eng d
035 _a(Sirsi) u95692
041 _aeng
110 _aRoyal Institution of Chartered Surveyors
_bScotland
_93082
245 _aDraft National Planning Policy Guideline and Planning Advice Note archaeology and planning
260 _aEdinburgh
_bRICS
_c1992
300 _a1p.
350 _a0
490 _aRICS Memorandum
490 _aSPPA/REPORT
_v(92)34
520 _a16 October 1992.
650 _aARCHAEOLOGY
650 _aDRAFT NATIONAL PLANNING POLICY GUIDELINES
650 _aNATIONAL PLANNING POLICY
690 _aPLANNING LAW AND PRACTICE
942 _n0
948 _c04/03/1997
999 _c98552
_d98552